Top 15 Celebrities Born In 1957 - Statistics

General Stats
  • This quiz has been taken 138 times
    104 since last reset
  • The average score is 3 of 15
Answer Stats
Picture Answer % Correct
Steve Harvey
64%
Steve Buscemi
45%
Donny Osmond
21%
Ray Romano
21%
Bernie Mac
18%
Fran Drescher
16%
Martin Luther King III/ Martin Luther King
14%
Melanie Griffith
12%
Daniel Stern
10%
Kathy Najimy
9%
Dan Castellaneta
6%
Bill Fagerbakke
5%
Deep Roy
5%
Nancy Cartwright
5%
Jenifer Lewis
4%
No matching quizzes found
Score Distribution
Percent of People with Each Score
Percentile by Number Answered
Your Score History
You have not taken this quiz since the last reset